000 00367nam a22001577a 4500
003 MPLRDC
005 20220104142931.0
008 210129b ||||| |||| 00| 0 eng d
082 _a019 JWE c.2
100 _a纪伟恩编著
245 _a读书与进修
_c
260 _a
_b新时代出版社
_c
300 _b
650 _a读书法
942 _cBK
_o019 JWE c.2
999 _c35027
_d35017